Economic report on Africa 2012.
| Format: | Book |
|---|---|
| Published: |
Addis Ababa:
Economic Commission for Africa,
2012.
|
| Subjects: |
| LEADER | 00526cam a2200169 7i4500 | ||
|---|---|---|---|
| 001 | 0000028099 | ||
| 005 | 20120823090000.0 | ||
| 020 | 0 | 0 | |a 9789211251180 |
| 090 | 0 | 0 | |a AFRI 330.96 |b ECO |
| 245 | 0 | 0 | |a Economic report on Africa 2012. |
| 260 | 0 | 0 | |a Addis Ababa: |b Economic Commission for Africa, |c 2012. |
| 300 | # | # | |a 168 p. |
| 650 | 0 | 0 | |a Economic development -- |z Africa |
| 650 | 0 | 0 | |a Africa -- |x Economic conditions |
| 650 | 0 | 0 | |a Africa -- |x Social conditions |
| 651 | 0 | 0 | |a Africa |
| 999 | |a 0000030735 |b Book |c Regions |e Business Information Centre | ||


